000 00289nam a2200109Ia 4500
008 220216s9999 xx 000 0 und d
100 _aChan Weng Hoong
245 0 _aSurvey of tree dryness on panels BO-1 and BO-2 of clone PB260
260 _bPlanter
_c1996
300 _a55-65
942 _cJS
999 _c70043
_d70043